Szczegóły MARC21

Westendsee, Weinberg, Buchheide... : parki i zielone kawiarenki dawnego Szczecina /

003 -Nazwa inst., której nr kontr. jest w polu 001 [,]
    • @
    • Nazwa instytucji, której n kontrolny jest w polu 001
    • NUKAT
005 -DATA I CZAS OSTATNIEJ MODYFIKACJI [,]
    • @
    • pole kontrolne
    • 20241231093241.0
020 -Międzynarod. znormalizowany nr książki - ISBN [ , ]
    • a
    • Numer ISBN
    • 8389029200 Find
040 -Instytucja sporządzająca opis [ , ]
    • a
    • Instytucja, która sporządziła opis (NP)
    • WA N/PBmkr
    • c
    • Instytucja, która sporządziła rekord (NP)
    • WA N/PBmkr
    • d
    • Instytucja, która zmodyfikowała rekord (P)
    • WA N/PBezm
    • d
    • Instytucja, która zmodyfikowała rekord (P)
    • WA N/PBiks
    • d
    • Instytucja, która zmodyfikowała rekord (P)
    • WA N/PBjhs
    • d
    • Instytucja, która zmodyfikowała rekord (P)
    • WR U/JHs
041 -Język dokumentu [0, ]
    • a
    • Język tekstu (P)
    • polski
    • b
    • Język streszczeń lub abstraktu (P)
    • niemiecki
942 -Rodzaj dokumentu [ , ]
    • c
    • Rodzaj dokumentu
    • Książka
100 -Hasło główne - nazwa osobowa [1, ]
    • a
    • Nazwa osobowa (NP)
    • Łopuch, Wojciech
    • d
    • Daty biograficzne (NP)
    • (1959- ).
    • 9
    • KHW
    • 91017
245 -Strefa tytułu i oznaczenia odpowiedzialności [1,0]
    • a
    • Tytuł
    • Westendsee, Weinberg, Buchheide... : Find
    • b
    • Ciąg dalszy tytułu (NP)
    • parki i zielone kawiarenki dawnego Szczecina / Find
    • c
    • Pozostałe elementy strefy tytułu i oznaczenia odpowiedzialności (NP)
    • Wojciech Łopuch.
260 -Strefa adresu wydawniczego [ , ]
    • a
    • Miejsce wydania (P)
    • Szczecin :
    • b
    • Nazwa wydawcy (P)
    • Wydawnictwo Publisher's,
    • c
    • Data wydania (P)
    • 2002.
300 -Strefa opisu fizycznego [ , ]
    • a
    • Określenie formy książki i/lub objętość (NP)
    • 32 s. :
    • b
    • Oznaczenie ilustracji (NP)
    • il. ;
    • c
    • Format (NP)
    • 24 cm.
336 -Typ zawartości [ , ]
    • a
    • Termin opisujący typ zawartości
    • Tekst
    • b
    • Kod określający zawartość
    • txt
    • 2
    • Źródło (terminu i kodu)
    • rdacontent
337 -Typ mediów [ , ]
    • a
    • Tryb odtwarzania
    • Bez urządzenia pośredniczącego
    • b
    • Kod typu mediów
    • n
    • 2
    • Źródło (terminu i kodu)
    • rdamedia
338 -Typ/rodzaj nośnika [ , ]
    • a
    • Hasło opisujące typ nośnika
    • Wolumin
    • b
    • Kod typu nośnika
    • nc
    • 2
    • Źródło (terminu i kodu)
    • rdacarrier
490 -Strefa serii i książki wielotomowej - forma nie do wyszukiwania [1, ]
    • a
    • Tytuł (P)
    • Zeszyty Szczecińskie ; Find
    • v
    • Numeracja (P)
    • z. 5
830 -Hasło dodatkowe serii i opisu książki wielotomowej - tytuł ujednolicony/tytuł [ ,0]
    • a
    • Tytuł ujednolicony/tytuł (NP)
    • Zeszyty Szczecińskie
    • v
    • Oznaczenie tomu (NP)
    • z. 5
    • 9
    • KHW
    • 865
504 -Uwaga dot. bibliogr. załącznikowej [ , ]
    • a
    • Uwaga dot. bibliografii załącznikowej
    • Bibliogr. s. 29.
546 -Uwaga dot. języka [ , ]
    • a
    • Uwaga dot. języka
    • Streszcz. niem.
080 -Uniwersalna Klasyfikacja Dziesiętna [ , ]
    • 2
    • Identyfikator wydania tablic
    • UDC-P022
    • a
    • Symbol klasyfikacji
    • 712
    • b
    • Dopowiedzenie
    • Architektura terenów zielonych. Krajobraz naturalny i kształtowany. Parki. Ogrody.
    • x
    • Poddział wspólny
    • (438+430)
    • b
    • Dopowiedzenie
    • (Polska + Niemcy)
    • x
    • Poddział wspólny
    • "18/19"
    • x
    • Poddział wspólny
    • (02.025.2)
    • b
    • Dopowiedzenie
    • (Książki bogato ilustrowane).
080 -Uniwersalna Klasyfikacja Dziesiętna [ , ]
    • 2
    • Identyfikator wydania tablic
    • UDC-P022
    • a
    • Symbol klasyfikacji
    • 725
    • b
    • Dopowiedzenie
    • Budynki użyteczności publicznej, społeczno-usługowe, handlowe i przemysłowe.
    • x
    • Poddział wspólny
    • (438+430)
    • b
    • Dopowiedzenie
    • (Polska + Niemcy)
    • x
    • Poddział wspólny
    • "18/19"
    • x
    • Poddział wspólny
    • (02.025.2)
    • b
    • Dopowiedzenie
    • (Książki bogato ilustrowane).
650 -Hasło przedmiotowe [ ,7]
    • a
    • Hasło przedmiotowe
    • Ogrody
    • z
    • Określnik geograficzny
    • Polska
    • z
    • Określnik geograficzny
    • Szczecin
    • x
    • Określnik rzeczowy
    • historia.
    • 2
    • Źródło terminu
    • kaba
    • 9
    • KHW
    • 541061
650 -Hasło przedmiotowe [ ,7]
    • a
    • Hasło przedmiotowe
    • Parki
    • z
    • Określnik geograficzny
    • Polska
    • z
    • Określnik geograficzny
    • Szczecin
    • x
    • Określnik rzeczowy
    • historia.
    • 2
    • Źródło terminu
    • kaba
    • 9
    • KHW
    • 435976
650 -Hasło przedmiotowe [ ,7]
    • a
    • Hasło przedmiotowe
    • Tereny zielone
    • z
    • Określnik geograficzny
    • Polska
    • z
    • Określnik geograficzny
    • Szczecin
    • x
    • Określnik rzeczowy
    • historia.
    • 2
    • Źródło terminu
    • kaba
    • 9
    • KHW
    • 541060
650 -Hasło przedmiotowe [ ,7]
    • a
    • Hasło przedmiotowe
    • Gastronomia
    • 2
    • Źródło terminu
    • DBN
    • 9
    • KHW
    • 743859
650 -Hasło przedmiotowe [ ,7]
    • a
    • Hasło przedmiotowe
    • Parki i ogrody
    • 2
    • Źródło terminu
    • DBN
    • 9
    • KHW
    • 733886
651 -Hasło przedmiotowe w formie nazwy geograficznej [ ,7]
    • a
    • Nazwa geograficzna
    • Szczecin (woj. zachodniopomorskie)
    • 2
    • Źródło terminu
    • DBN
    • 9
    • KHW
    • 721822
658 -Ujęcie treści [ , ]
    • a
    • dziedzina nauki i sztuki/ sfera aktywności życiowej
    • Gospodarka, ekonomia, finanse
658 -Ujęcie treści [ , ]
    • a
    • dziedzina nauki i sztuki/ sfera aktywności życiowej
    • Architektura i budownictwo
980 -Symbol UKD [ , ]
    • a
    • UKD
    • 712+725](438+430)"18/19"Szczecin(02.025.2)
920 -ISBN [ , ]
    • a
    • ISBN
    • 83-89029-20-0 Find
Status udost. Sygnatura Numer inwentarzowy Lokalizacja Data inwentaryzacji
1Z.111177Z.111177BG2008-06-23
-3 H.17851BNS2008-06-23
-11 H.15310BNS2006-11-28